| 000 | 00415nam a22001577a 4500 | ||
|---|---|---|---|
| 999 |
_c3888 _d3888 |
||
| 008 | 200706b ||||| |||| 00| 0 eng d | ||
| 082 | 0 | 0 |
_a532.082 _bS9153 |
| 100 |
_93169 _aStreeter,Victor L. |
||
| 245 | 1 | 0 |
_aHandbook of fluid dynamics _cby Victor L. Streeter (Ed.) |
| 250 | _a1st ed. | ||
| 260 |
_a New- York _b McGraw-Hill _c1961 |
||
| 300 | _a52p. | ||
| 365 | _d120.00 | ||
| 650 | 0 | _aFluid dynamics | |
| 942 | _cBK | ||